000 00720pam a2200253 a 4500
001 3734428
003 GBCCL
005 20241126110430.0
008 811216s1982 nyua 000 0 eng
010 _a 81043280
020 _a0385146388 :
_c$17.95
040 _aDLC
_cDLC
_dDLC
050 0 0 _aML1460
_b.H46 1982
082 0 0 _a782
_219
_bHIN
100 1 _aHines, Jerome,
_d1921-2003.
_95140
245 1 0 _aGreat singers on great singing /
_cJerome Hines.
250 _a1st ed.
260 _aGarden City, N.Y. :
_bDoubleday,
_c1982.
300 _a356 p. :
_bill. ;
_c22 cm.
650 0 _aSinging.
_95141
650 0 _aSingers
_xInterviews.
_95142
906 _a7
_bcbc
_corignew
_d1
_eocip
_f19
_gy-gencatlg
942 _2ddc
_cBK
999 _c2475
_d2475